|
|
|
|
| LEADER |
00000nas a2200000 a 4500 |
| 001 |
ssj0004503 |
| 003 |
WaSeSS |
| 005 |
20200512172242.0 |
| 006 |
m d |
| 007 |
cr n |
| 008 |
740606c19549999nyumr p s 0 a0eng |
| 010 |
|
|
|a 56058582
|
| 016 |
|
|
|a (AMICUS)000000091201
|
| 016 |
7 |
|
|a 702113-6
|2 DE-600
|
| 016 |
7 |
|
|a 010492466
|2 Uk
|
| 022 |
|
|
|l 0022-4863
|y 0022-4863
|
| 030 |
|
|
|a JOTAAM
|
| 032 |
|
|
|a 283080
|b USPS
|
| 035 |
|
|
|a (WaSeSS)ssj0004503
|
| 040 |
|
|
|a DLC
|b eng
|c DLC
|d NSD
|d OCL
|d NST
|d AIP
|d NSD
|d AIP
|d OCL
|d NST
|d DLC
|d NST
|d GUA
|d OCLCQ
|d NLGGC
|d LVB
|d NLA
|d OCLCQ
|d UKMGB
|d OCLCO
|d OCLCF
|d DEBSZ
|d OCLCO
|d DLC
|d GILDS
|d NLC
|d OCLCQ
|d FUG
|d RDF
|d OCLCO
|d CPO
|d OCLCO
|d ZAS
|d CBA
|d UKBTH
|d OCLCO
|d WaSeSS
|
| 042 |
|
|
|a pcc
|a nsdp
|
| 043 |
|
|
|a n-us---
|
| 050 |
0 |
0 |
|a HJ2360
|b .J6
|
| 050 |
1 |
4 |
|a KF6272
|b .J68
|
| 082 |
0 |
4 |
|a 336.205
|
| 210 |
0 |
|
|a J. tax.
|
| 222 |
|
4 |
|a The Journal of taxation
|
| 245 |
0 |
4 |
|a The Journal of taxation
|h [electronic resource].
|
| 246 |
3 |
0 |
|a Taxation
|
| 260 |
|
|
|a New York, N.Y. :
|b Journal of Taxation,
|c 1954-
|
| 260 |
3 |
|
|3 <Jan. 2006->:
|a New York, NY :
|b Thomson Reuters
|
| 310 |
|
|
|a Monthly
|
| 362 |
0 |
|
|a Vol. 1, no. 1 (June 1954)-
|
| 500 |
|
|
|a Title from caption.
|
| 506 |
|
|
|a License restrictions may limit access.
|
| 588 |
|
|
|a Description based on: Vol. 1, no. 6 (Nov. 1954).
|
| 588 |
|
|
|a Latest issue consulted: Vol. 130, no. 1 (Jan. 2019) (surrogate).
|
| 650 |
|
0 |
|a Taxation
|z United States
|v Periodicals.
|
| 650 |
|
6 |
|a Impôt
|z États-Unis
|v Périodiques.
|
| 650 |
|
7 |
|a Taxation.
|2 fast
|0 (OCoLC)fst01143876
|
| 650 |
1 |
7 |
|a Belastingen.
|2 gtt
|
| 650 |
|
7 |
|a HW_AF.
|2 less
|
| 651 |
|
7 |
|a United States.
|2 fast
|0 (OCoLC)fst01204155
|
| 655 |
|
0 |
|a Electronic journals.
|
| 787 |
0 |
|
|t WGL tax journal digest
|x 1075-0223
|w (DLC) 94657070
|w (OCoLC)28328112
|
| 787 |
0 |
|
|t Journal of taxation digest
|x 8755-6049
|w (DLC) 84649797
|w (OCoLC)8059457
|
| 850 |
|
|
|a CU-I
|a CaOOJ
|a CaSRU
|a CtY-L
|a DLC
|a MH-L
|a MoSU
|a NjR
|a RPB
|
| 853 |
2 |
0 |
|8 1
|a v.
|b no.
|u 6
|v r
|i (year)
|j (month)
|w m
|x 01,07
|
| 856 |
4 |
0 |
|z Full text available from Research Library: 07/01/2002 to present
|u https://search.proquest.com/publication/48079
|
| 863 |
4 |
1 |
|8 1.1
|a <94>
|b <1>
|i <2001>
|j <01>
|